Analyser les textes de communication

Sparad:
Bibliografiska uppgifter
Huvudupphovsman: Dominique Maingueneau
Materialtyp: Bok
Språk:Undetermined
Publicerad: Paris Nathan 1998
Ämnen:
Taggar: Lägg till en tagg
Inga taggar, Lägg till första taggen!
Thư viện lưu trữ: Trung tâm Học liệu Trường Đại học Cần Thơ
LEADER 00471nam a2200169Ia 4500
001 CTU_56429
008 210402s9999 xx 000 0 und d
082 |a 418 
082 |b M224 
100 |a Dominique Maingueneau 
245 0 |a Analyser les textes de communication 
245 0 |c Dominique Maingueneau 
260 |a Paris 
260 |b Nathan 
260 |c 1998 
650 |a linguistics,language and languages 
980 |a Trung tâm Học liệu Trường Đại học Cần Thơ